Hacia una política de población en Nicaragua: ¿ejercicio de la soberanía nacional? /
Analiza el crecimiento demográfico de Nicaragua en relación con el desarrollo socioeconómico y el ejercicio de la soberanía nacional. Señala además, la política actual del gobierno tendiente a regular el ritmo de la fecundidad mediante políticas de población adecuadas al desarrollo económico y a la...
Salvato in:
| Autore principale: | |
|---|---|
| Natura: | testo |
| Soggetti: | |
| Tags: |
Aggiungi Tag
Nessun Tag, puoi essere il primo ad aggiungerne!!
|
MARC
| LEADER | 00000 a a2200000 04500 | ||
|---|---|---|---|
| 001 | 1797 | ||
| 003 | |||
| 040 | |||
| 100 | |a González S, Julián | ||
| 245 | |a Hacia una política de población en Nicaragua: |b ¿ejercicio de la soberanía nacional? / |c Julián González S | ||
| 520 | |a Analiza el crecimiento demográfico de Nicaragua en relación con el desarrollo socioeconómico y el ejercicio de la soberanía nacional. Señala además, la política actual del gobierno tendiente a regular el ritmo de la fecundidad mediante políticas de población adecuadas al desarrollo económico y a la participación de la población en la distribución del ingreso. AR/MR | ||
| 650 | |a CRECIMIENTO DEMOGRAFICO | ||
| 650 | |a ANALISIS DEMOGRAFICO | ||
| 650 | |a TAMAÑO DE LA POBLACION | ||
| 650 | |a INDICADORES DEMOGRAFICOS | ||
| 650 | |a ENCUESTAS DE HOGARES | ||
| 773 | |g número 1; páginas 15-18 | ||
| 999 | |c 37234 |d 37234 | ||
| 773 | 0 | |0 43472 |9 4999 |a Centro de Investigación de la Realidad de América Latina |d Managua, Nicaragua: Centro de Investigación de la Realidad de América Latina |o MFN: 1386 |t Aquí y ahora: | |
